| 000 | 01107cab a2200217 4500 | ||
|---|---|---|---|
| 001 | ABS67476 | ||
| 008 | 040304n2004 000 0 eng u | ||
| 035 | _a(Sirsi) u125326 | ||
| 100 | _aKnowles, R. | ||
| 245 | _aLatest contract from the JCT stable | ||
| 260 | _c2004 | ||
| 490 |
_aCivil Engineering Surveyor _v February 2004, 16(1) |
||
| 520 | _aLooks at the main points of the recently published JCT Major Project Form (MPF 2003) (J122869). It has been designed for significant projects in terms of size and complexity, to be used by experienced employers. It is less complex than JCT 1998, replacing longwinded procedures with clauses on basic rights and obligations of the parties. Amongst the changes is a provision for including professional indemnity insurance if required by the employer and the absence of the option to refer disputes to arbitration. | ||
| 590 | _aABS | ||
| 650 | _aJCT MAJOR PROJECT FORM (2003 EDITION) | ||
| 650 | _aJCT | ||
| 650 | _aMAJOR PROJECTS | ||
| 650 | _aPROFESSIONAL INDEMNITY INSURANCE | ||
| 690 | _aBUILT ENVIRONMENT-BUILDING CONTRACT FORMS | ||
| 942 | _n0 | ||
| 999 |
_c74233 _d74233 |
||